000
00206 a2200097 4500
001
14566
100
_a
Muhammad Iqbal
245
_a
Kamyay Sagadat
260
_a
Jehlum
_b
Malik sons
_c
090
_c
11389
_d
11389
942
_a
NUST-CAE
_c
M
_c
1546
999
_c
249639
_d
249639